| 000 | 01396 a2200241 4500 | ||
|---|---|---|---|
| 003 | Nust | ||
| 005 | 20170207154017.0 | ||
| 020 | _a0-471-49187-X ; | ||
| 040 | _cNust | ||
| 082 | _a621.382 | ||
| 082 | _a621.382 | ||
| 100 | 1 | _aPitts, J. M. | |
| 245 | 0 | 0 |
_aIntroduction to IP and ATM design and performance-(E-BOOK) _bwith applications analysis software / _cJ. M. Pitts and J. A. Schormans |
| 250 | _a2. ed. | ||
| 260 |
_aChichester : _bWiley, _ccop.2000 |
||
| 300 | _a303 s. | ||
| 505 | _aPART I INTRODUCTORY TOPICS (Page-1) 1 An Introduction to the Technologies of IP and ATM (Page-3)2 Traffic Issues and Solutions (Page-15)3 Teletraffic Engineering (Page-45) 4 Performance Evaluation (Page-57) 5 Fundamentals of Simulation (Page-69) 6 Traffic Models (Page-81) PART II ATM QUEUEING AND TRAFFIC CONTROL (Page-95) 7 Basic Cell Switching (Page-97)8 Cell-Scale Queueing (Page-113)9 Burst-Scale Queueing (Page-125)10 Connection Admission Control (Page-149)11 Usage Parameter Control (Page-167)12 Dimensioning (Page-187)13 Priority Control (Page-205) PART III IP PERFORMANCE AND TRAFFICMANAGEMENT (Page-227)14 Basic Packet Queueing (Page-229)15 Resource Reservation(Page- 253)16 IP Buffer Management (Page-267)17 Self-similar Traffic (Page-287) | ||
| 650 | 4 | _aATM: telekommunikatonsteknik | |
| 650 | 4 | _aData?f?g | |
| 650 | 4 | _aData?f?g | |
| 650 | 4 | _aDatakommunikation | |
| 700 | 1 | _aSchormans, J. A. | |
| 942 |
_2ddc _cBK |
||
| 999 |
_c191482 _d191482 |
||